Análisis de proyectos de integración

Saved in:
Bibliografiske detaljer
Hovedforfatter: Hopenhayn, Benjamín (Author)
Andre forfattere: Fernández M., Héctor (autor)
Format: Bog
Sprog:spansk
Udgivet: Santiago CEPAL-ILPES 1972
Serier:Cuadernos del Instituto Latinoamericano de Planificación Económica y Social
Fag:
Tags: Tilføj Tag
Ingen Tags, Vær først til at tagge denne postø!

MARC

LEADER 00000nam a2200000 a 4500
001 UCR7779
003 CL-VaPUC
008 980519e19720000CL |||||||||||||||||spa|d
082 0 4 |a 337.18  |b HOP  |2 21 
100 0 |a Hopenhayn, Benjamín  |e author  |9 409210 
700 |a Fernández M., Héctor  |e autor  |9 409211 
245 1 0 |a Análisis de proyectos de integración 
300 |a 50 p 
942 |c BK 
945 |d 19980519 00:00:00  |a crobeson 
260 |a Santiago  |b CEPAL-ILPES  |c 1972 
650 0 |a Economía internacional  |9 258254 
650 0 |a Integración económica  |9 255024 
650 0 |a Cooperación internacional  |9 255447 
650 0 |a Mercado común   |9 378790 
583 |a last modification  |c 19980519 00:00:00  |k Rodrigo Vera 
490 0 |a Cuadernos del Instituto Latinoamericano de Planificación Económica y Social 
999 |c 269363  |d 269361 
952 |0 0  |1 0  |4 0  |6 337_180000000000000_HOP_1972  |7 0  |8 A  |9 303097  |a BIBENE  |b BIBENE  |d 2019-11-20  |i 1994654  |o 337.18 HOP 1972  |p 1994654  |r 2025-01-15  |w 2019-11-20  |y BK  |k ICO